| 000 | 00525nam a2200169 a 4500 | ||
|---|---|---|---|
| 001 | 000019704 | ||
| 005 | 20200929170117.0 | ||
| 008 | 100702s1961 cu a 000 0dspa d | ||
| 040 |
_aDO-SdBNP _bspa _cBNPHU |
||
| 082 |
_annnn _bN964p |
||
| 100 | 1 |
_aNuñez Jiménez, Antonio, _94130 |
|
| 245 | 1 | 1 |
_a¡Patria o muerte..! / _cAntonio Núñez Jiménez. |
| 260 |
_aLa Habana : _bINRA, _c1961. |
||
| 300 |
_a494 p. : _bil. ; _c18 cm. |
||
| 504 | _aIncluye referencias bibliográficas y notas al pie de las páginas. | ||
| 049 | _aBNGR | ||
| 999 |
_c19219 _d19219 |
||